Empereurs de la dynastie des Antonins - Statistiques

Statistiques générales
  • Ce quiz a été pris 38 fois
  • Le résultat moyen est 6 sur 7
Statistiques - réponses
Indice Réponse % Correct
169 - 180 Marc-Aurèle
97%
180 - 192 Commode
94%
117 - 138 Hadrien
94%
138 - 161 Antonin
91%
98 - 117 Trajan
83%
96 - 98 Nerva
71%
161 - 169 Lucius Aurelius Verus
51%
Aucun quiz correspondant
Distribution des résultats
% des personnes avec chaque résultat
Percentile par nombre de réponses
Votre historique - résultats
Vous n’avez pas pris ce quiz